Trouvez l'acteur ou l'actrice... 6 - Statistiques

Statistiques générales
  • Ce quiz a été pris 119 fois
  • Le résultat moyen est 7 sur 15
Statistiques - réponses
Films / Séries Acteurs / Actrices % Correct
Minority report - Top gun - Eyes wide shut Tom Cruise
77%
Good morning, Vietnam - Le cercle des poètes disparus - Will Hunting Robin Williams
76%
Marche à l'ombre - Viens chez moi, j'habite chez une copine - Tenue de soirée Michel Blanc
72%
Titanic - Eternal sunshine of the spotless mind - Divergente Kate Winslet
61%
La traversée de Paris - Touche pas au grisbi - Le clan des siciliens Jean Gabin
54%
La haine - Les rivières pourpres - Le fabuleux destin d'Amélie Poulain Mathieu Kassovitz
50%
Bienvenue chez les ch'tis - Uranus - Le gendarme de Saint-Tropez Michel Galabru
49%
Lucie Aubrac - Trop belle pour toi - Embrassez qui vous voudrez Carole Bouquet
43%
Piège de cristal - Robin des Bois, prince des voleurs - Harry Potter et le prince de sang mêlé Alan Rickman
37%
The morning show - Bruce tout puissant - Polly et moi Jennifer Aniston
37%
Un air de famille - Le dîner de cons - Vipère au poing Catherine Frot
36%
Fenêtre sur cour - Le crime était presque parfait - Le train sifflera trois fois Grace Kelly
36%
Géant - La chatte sur un toit brûlant - Cléopâtre Elizabeth Taylor
32%
Pulp fiction - Django unchained - Une journée en enfer Samuel Jackson
27%
L'idéaliste - Roméo + Juliette - Homeland Claire Danes
21%
Aucun quiz correspondant
Distribution des résultats
% des personnes avec chaque résultat
Percentile par nombre de réponses
Votre historique - résultats
Vous n’avez pas pris ce quiz